00429nam a22001452 4500001001100000005001700011008004100028020002600069040001500095100003400110245005600144260003000200300001500230650003800245000000883320151217152042.0080611s xx 000 0 eng d a1560520787 :cKES 650 aKABUcKABU1 aSherman, James R.@000015960910aPlan your work/ work your plan /cJames R. Sherman. aBoston :bThomson,c1991. aiv, 74 p. 0aManagementxPlanning.@0000159610